Turbo Pascal. Программирование на языке высокого уровня: учебник для вузов

Bibliographische Detailangaben
1. Verfasser: Немнюгин С. А. Сергей Андреевич
Zusammenfassung:Исключено из фонда НТБ ТПУ
Sprache:Russisch
Veröffentlicht: СПб., Питер, 2007
Ausgabe:2-е изд.
Schriftenreihe:Учебник для вузов
Издательская программа "300 лучших учебников для высшей школы в честь 300-летия Санкт-Петербурга"
Format: MixedMaterials Buch
KOHA link:https://koha.lib.tpu.ru/cgi-bin/koha/opac-detail.pl?biblionumber=109678

MARC

LEADER 00000nam0a2200000 4500
001 109678
005 20231031120130.0
010 |a 5947235099 
035 |a (RuTPU)RU\TPU\book\118441 
035 |a RU\TPU\book\63770 
090 |a 109678 
100 |a 20040205d2007 m y0rusy50 ca 
101 0 |a rus 
102 |a RU 
105 |a a j 001zy 
200 1 |a Turbo Pascal. Программирование на языке высокого уровня  |e учебник для вузов  |f С. А. Немнюгин 
205 |a 2-е изд. 
210 |a СПб.  |c Питер  |d 2007 
215 |a 544 с.  |c ил. 
225 1 |a Учебник для вузов 
225 1 |a Издательская программа "300 лучших учебников для высшей школы в честь 300-летия Санкт-Петербурга" 
333 |a Исключено из фонда НТБ ТПУ 
700 1 |a Немнюгин  |b С. А.  |g Сергей Андреевич 
801 1 |a RU  |b 63413507  |c 20070212  |g PSBO 
801 2 |a RU  |b 63413507  |c 20210930  |g PSBO 
942 |c BK 
959 |a 13/20070212  |d 1  |e 213,00  |f ЧЗТЛ:1